000 00365nam a22001577a 4500
003 SGT
020 _a978-81-265-4273-4
082 _a536.2
_bINC
100 _aINCROPERA,FRANK.P
245 _aPRINCIPLES OF HEAT AND MASS TRANSFER
250 _a7TH
260 _aNEW DELHI
_bWILEY
_c2017
300 _a1048
650 _aMECHANICAL ENGINEERING
942 _2ddc
_cBK
_01
999 _c14548
_d14548